Information technology in water and wastewater utilities / (Record no. 329259)

000 -LEADER
fixed length control field 01762cam a2200385 a 4500
001 - CONTROL NUMBER
control field 16653077
003 - CONTROL NUMBER IDENTIFIER
control field Nust
005 - DATE AND TIME OF LATEST TRANSACTION
control field 20170502114959.0
008 - FIXED-LENGTH DATA ELEMENTS--GENERAL INFORMATION
fixed length control field 110215s2011 vaua b 001 0 eng c
010 ## - LIBRARY OF CONGRESS CONTROL NUMBER
LC control number 2011280350
015 ## - NATIONAL BIBLIOGRAPHY NUMBER
National bibliography number GBB077789
Source bnb
016 7# - NATIONAL BIBLIOGRAPHIC AGENCY CONTROL NUMBER
Record control number 015588549
Source Uk
020 ## - INTERNATIONAL STANDARD BOOK NUMBER
International Standard Book Number 9780071737050 (hbk.)
020 ## - INTERNATIONAL STANDARD BOOK NUMBER
International Standard Book Number 0071737057 (hbk.)
035 ## - SYSTEM CONTROL NUMBER
System control number (OCoLC)ocn645697357
040 ## - CATALOGING SOURCE
Original cataloging agency UKM
Transcribing agency UKM
Modifying agency YDXCP
-- C#P
-- UPM
-- DLC
042 ## - AUTHENTICATION CODE
Authentication code pcc
050 00 - LIBRARY OF CONGRESS CALL NUMBER
Classification number TD434
Item number .I54 2011
050 14 - LIBRARY OF CONGRESS CALL NUMBER
Classification number TD201
Item number .W337 no. 33
082 ## - DEWEY DECIMAL CLASSIFICATION NUMBER
Classification number 434.1542011 ALE
245 00 - TITLE STATEMENT
Title Information technology in water and wastewater utilities /
Statement of responsibility, etc. prepared by the Information Technology in Water and Wastewater Utilities Task Force of the Water Environment Federation.
260 ## - PUBLICATION, DISTRIBUTION, ETC.
Place of publication, distribution, etc. Alexandria, Va. :
Name of publisher, distributor, etc. WEF Press ;
Place of publication, distribution, etc. New York :
Name of publisher, distributor, etc. McGraw Hill,
Date of publication, distribution, etc. c2011.
300 ## - PHYSICAL DESCRIPTION
Extent xxix, 344 p. :
Other physical details ill. ;
Dimensions 25 cm.
490 1# - SERIES STATEMENT
Series statement WEF manual of practice ;
Volume/sequential designation no. 33
500 ## - GENERAL NOTE
General note H.B
504 ## - BIBLIOGRAPHY, ETC. NOTE
Bibliography, etc. note Includes bibliographical references and index.
530 ## - ADDITIONAL PHYSICAL FORM AVAILABLE NOTE
Additional physical form available note Also available online.
650 #0 - SUBJECT ADDED ENTRY--TOPICAL TERM
Topical term or geographic name entry element Water treatment plants
General subdivision Information technology.
650 #0 - SUBJECT ADDED ENTRY--TOPICAL TERM
Topical term or geographic name entry element Sewage disposal plants
General subdivision Information technology.
650 #0 - SUBJECT ADDED ENTRY--TOPICAL TERM
Topical term or geographic name entry element Water treatment plants
General subdivision Information technology
Form subdivision Case studies.
650 #0 - SUBJECT ADDED ENTRY--TOPICAL TERM
Topical term or geographic name entry element Sewage disposal plants
General subdivision Information technology
Form subdivision Case studies.
710 2# - ADDED ENTRY--CORPORATE NAME
Corporate name or jurisdiction name as entry element Water Environment Federation.
Subordinate unit Information Technology in Water and Wastewater Utilities Task Force.
830 #0 - SERIES ADDED ENTRY--UNIFORM TITLE
Uniform title Manual of practice ;
Volume/sequential designation no. 33.
856 41 - ELECTRONIC LOCATION AND ACCESS
Uniform Resource Identifier <a href="http://site.ebrary.com/lib/librarytitles/docDetail.action?docID=10421778">http://site.ebrary.com/lib/librarytitles/docDetail.action?docID=10421778</a>
906 ## - LOCAL DATA ELEMENT F, LDF (RLIN)
a 7
b cbc
c pccadap
d 2
e ncip
f 20
g y-gencatlg
942 ## - ADDED ENTRY ELEMENTS (KOHA)
Source of classification or shelving scheme
Koha item type Book
Call number prefix 434.1542011 ALE
Holdings
Withdrawn status Lost status Source of classification or shelving scheme Damaged status Not for loan Collection code Permanent Location Current Location Shelving location Date acquired Total Checkouts Full call number Barcode Date last seen Price effective from Koha item type
            Institute of Environmental Science and Engineering (IESE) Institute of Environmental Science and Engineering (IESE) General Stacks 05/02/2017   434.1542011 ALE IESE-2885 05/02/2017 05/02/2017 Book
© 2023 Central Library, National University of Sciences and Technology. All Rights Reserved.